[Event "Russian Championship (Rapid, Men)"]
[Site "Sochi"]
[Date "2018.10.05"]
[Round "2.17"]
[White "Pridorozhni, Aleksei"]
[Black "Truskavetsky, Alexandr"]
[Result "0-1"]
[BlackElo "2366"]
[WhiteElo "2632"]
[LiveChessVersion "1.4.8"]

1. e4 {[%clk 0:15:18]} c6 {[%clk 0:15:16]} 2. Nc3 {[%clk 0:15:24]} d5
{[%clk 0:15:23]} 3. d4 {[%clk 0:15:29]} dxe4 {[%clk 0:15:29]} 4. Nxe4
{[%clk 0:15:36]} Bf5 {[%clk 0:15:36]} 5. Ng3 {[%clk 0:15:45]} Bg6
{[%clk 0:15:44]} 6. Nf3 {[%clk 0:15:50]} Nf6 {[%clk 0:15:46]} 7. h4
{[%clk 0:15:57]} h6 {[%clk 0:15:52]} 8. h5 {[%clk 0:16:03]} Bh7 {[%clk 0:16:01]}
9. Bd3 {[%clk 0:16:11]} Bxd3 {[%clk 0:16:03]} 10. Qxd3 {[%clk 0:16:19]} e6
{[%clk 0:15:59]} 11. Bd2 {[%clk 0:16:21]} Be7 {[%clk 0:15:34]} 12. O-O-O
{[%clk 0:16:27]} O-O {[%clk 0:15:41]} 13. Qe2 {[%clk 0:16:33]} Nbd7
{[%clk 0:15:26]} 14. c4 {[%clk 0:16:34]} Re8 {[%clk 0:15:06]} 15. Nf1
{[%clk 0:16:20]} b5 {[%clk 0:15:01]} 16. c5 {[%clk 0:16:15]} Nd5 {[%clk 0:14:48]}
17. g4 {[%clk 0:15:37]} e5 {[%clk 0:12:49]} 18. dxe5 {[%clk 0:15:37]} Nxc5
{[%clk 0:12:40]} 19. Ng3 {[%clk 0:15:33]} b4 20. Nf5 Qa5 {[%clk 0:11:53]} 21. Qc4
{[%clk 0:14:05]} Nb6 {[%clk 0:08:46]} 22. Qc2 {[%clk 0:14:12]} Qxa2
{[%clk 0:08:21]} 23. Nxe7+ {[%clk 0:14:18]} Rxe7 {[%clk 0:08:30]} 24. Qxc5
{[%clk 0:14:11]} Nc4 {[%clk 0:08:06]} 25. Qxb4 {[%clk 0:13:08]} c5
{[%clk 0:07:19]} 26. Qc3 {[%clk 0:12:33]} Rb7 {[%clk 0:07:18]} 27. Kc2
{[%clk 0:09:41]} Rxb2+ {[%clk 0:06:51]} 28. Kd3 {[%clk 0:09:49]} Rb3
{[%clk 0:06:09]} 29. Ra1 {[%clk 0:09:44]} Rxc3+ {[%clk 0:05:47]} 30. Kxc3
{[%clk 0:09:49]} Qb2+ {[%clk 0:05:44]} 31. Kxc4 {[%clk 0:09:57]} Qc2+
{[%clk 0:05:46]} 32. Kb5 {[%clk 0:09:11]} Qd3+ {[%clk 0:05:48]} 33. Ka5
{[%clk 0:09:19]} Rb8 {[%clk 0:05:48]} 0-1

[Event "Russian Championship (Rapid, Men)"]
[Site "Sochi"]
[Date "2018.10.05"]
[Round "2.20"]
[White "Demchenko, Anton"]
[Black "Kozlov, Oleg"]
[Result "1-0"]
[BlackElo "2361"]
[WhiteElo "2620"]
[LiveChessVersion "1.4.8"]

1. d4 d5 2. Bf4 {[%clk 0:15:22]} c5 {[%clk 0:15:28]} 3. e3 {[%clk 0:15:29]} Nf6
{[%clk 0:15:27]} 4. Nf3 {[%clk 0:15:27]} e6 {[%clk 0:15:11]} 5. Nbd2
{[%clk 0:15:25]} Qb6 {[%clk 0:14:50]} 6. Rb1 {[%clk 0:15:16]} Bd7
{[%clk 0:13:24]} 7. Be2 {[%clk 0:14:27]} cxd4 {[%clk 0:13:08]} 8. exd4
{[%clk 0:14:15]} Bb5 {[%clk 0:13:07]} 9. O-O {[%clk 0:13:35]} Nc6
{[%clk 0:10:40]} 10. c3 {[%clk 0:13:27]} Be7 {[%clk 0:10:35]} 11. Re1
{[%clk 0:13:25]} O-O {[%clk 0:10:38]} 12. Nb3 {[%clk 0:12:53]} Ne4
{[%clk 0:10:14]} 13. Nbd2 {[%clk 0:10:34]} Nxd2 {[%clk 0:09:58]} 14. Qxd2
{[%clk 0:10:34]} Rfc8 {[%clk 0:09:06]} 15. h4 {[%clk 0:10:07]} Na5
{[%clk 0:09:04]} 16. h5 {[%clk 0:08:53]} Bxe2 {[%clk 0:08:52]} 17. Qxe2
{[%clk 0:08:45]} h6 {[%clk 0:08:34]} 18. Ne5 {[%clk 0:08:45]} Qd8
{[%clk 0:05:46]} 19. Qg4 {[%clk 0:08:26]} Kf8 {[%clk 0:04:31]} 20. Qf3
{[%clk 0:07:18]} Bf6 {[%clk 0:04:27]} 21. Ng4 {[%clk 0:07:25]} Nc4
{[%clk 0:02:38]} 22. Bxh6 {[%clk 0:06:50]} gxh6 {[%clk 0:02:02]} 23. Qxf6
{[%clk 0:06:18]} Qxf6 {[%clk 0:02:10]} 24. Nxf6 {[%clk 0:06:27]} Kg7
{[%clk 0:02:19]} 25. Ng4 {[%clk 0:06:31]} b5 {[%clk 0:02:28]} 26. Re2
{[%clk 0:06:19]} a5 {[%clk 0:02:35]} 27. Rd1 {[%clk 0:06:26]} b4 {[%clk 0:02:37]}
28. Rd3 {[%clk 0:06:25]} Nd6 {[%clk 0:02:26]} 29. Ne5 {[%clk 0:06:03]} bxc3
{[%clk 0:01:53]} 30. Rg3+ {[%clk 0:05:54]} Kf8 {[%clk 0:02:01]} 31. bxc3
{[%clk 0:05:48]} Rab8 {[%clk 0:01:55]} 32. Nd7+ {[%clk 0:05:56]} Ke7
{[%clk 0:02:02]} 33. Nxb8 {[%clk 0:06:03]} Rxb8 {[%clk 0:02:12]} 34. Rd3
{[%clk 0:05:51]} Rb1+ {[%clk 0:02:08]} 35. Kh2 {[%clk 0:06:00]} a4
{[%clk 0:02:17]} 36. f3 {[%clk 0:05:52]} a3 {[%clk 0:02:05]} 37. g4
{[%clk 0:05:50]} Nc4 {[%clk 0:01:53]} 38. Kg2 {[%clk 0:05:45]} Rb2
{[%clk 0:00:57]} 39. Kf2 {[%clk 0:05:49]} Rb1 {[%clk 0:01:07]} 40. f4
{[%clk 0:04:42]} Kf6 {[%clk 0:01:08]} 41. Rg3 {[%clk 0:04:39]} Nd6
{[%clk 0:01:13]} 42. g5+ Kg7 43. Rg1 {[%clk 0:03:42]} Rb8 {[%clk 0:01:18]} 44.
Ke3 {[%clk 0:03:33]} Rh8 {[%clk 0:00:47]} 45. g6 {[%clk 0:03:22]} Kf6
{[%clk 0:00:21]} 46. Kd3 {[%clk 0:03:28]} Nf5 {[%clk 0:00:17]} 47. gxf7
{[%clk 0:03:14]} Kxf7 {[%clk 0:00:26]} 48. Rg6 {[%clk 0:03:22]} Ng7
{[%clk 0:00:20]} 49. Rxg7+ {[%clk 0:01:50]} Kxg7 {[%clk 0:00:29]} 50. Rxe6
{[%clk 0:01:59]} Rf8 {[%clk 0:00:35]} 51. Rg6+ {[%clk 0:02:06]} Kh7
{[%clk 0:00:45]} 52. Rg4 {[%clk 0:02:06]} Rb8 {[%clk 0:00:34]} 53. Rg2
{[%clk 0:02:11]} Rb1 {[%clk 0:00:35]} 54. c4 dxc4+ {[%clk 0:00:17]} 55. Kc3
{[%clk 0:01:20]} Rf1 {[%clk 0:00:24]} 56. Kxc4 {[%clk 0:01:20]} Rxf4
{[%clk 0:00:33]} 57. Kc5 {[%clk 0:01:01]} Rf5+ {[%clk 0:00:30]} 58. d5
{[%clk 0:01:10]} Rxh5 {[%clk 0:00:40]} 59. Kc6 {[%clk 0:01:19]} Rh1
{[%clk 0:00:44]} 60. d6 {[%clk 0:01:15]} Rc1+ {[%clk 0:00:47]} 61. Kd5
{[%clk 0:01:02]} Rd1+ {[%clk 0:00:28]} 62. Ke6 {[%clk 0:01:11]} Re1+
{[%clk 0:00:33]} 63. Kf6 {[%clk 0:01:06]} Rf1+ {[%clk 0:00:31]} 64. Ke7
{[%clk 0:01:14]} Re1+ {[%clk 0:00:39]} 65. Kd8 {[%clk 0:01:17]} Rb1
{[%clk 0:00:22]} 66. Rg3 {[%clk 0:01:24]} h5 {[%clk 0:00:15]} 67. d7
{[%clk 0:01:32]} h4 {[%clk 0:00:16]} 68. Rh3 {[%clk 0:01:16]} Kg6
{[%clk 0:00:21]} 69. Rxh4 {[%clk 0:01:23]} Rb2 {[%clk 0:00:31]} 70. Rc4
{[%clk 0:00:55]} Rxa2 {[%clk 0:00:20]} 71. Kc7 {[%clk 0:01:03]} Rd2
{[%clk 0:00:11]} 72. d8=Q {[%clk 0:01:05]} 1-0

[Event "Russian Championship (Rapid, Men)"]
[Site "Sochi"]
[Date "2018.10.05"]
[Round "2.21"]
[White "Kobalia, Mikhail"]
[Black "Jary, Sergey"]
[Result "1-0"]
[BlackElo "2353"]
[WhiteElo "2617"]
[LiveChessVersion "1.4.8"]

1. e4 {[%clk 0:15:18]} d6 {[%clk 0:15:19]} 2. d4 {[%clk 0:15:26]} g6
{[%clk 0:15:28]} 3. Bc4 {[%clk 0:15:28]} Bg7 {[%clk 0:15:23]} 4. Nf3
{[%clk 0:15:36]} c6 {[%clk 0:15:24]} 5. Bb3 {[%clk 0:15:45]} Nf6 {[%clk 0:15:27]}
6. Qe2 {[%clk 0:15:53]} O-O {[%clk 0:15:32]} 7. O-O {[%clk 0:16:01]} Bg4
{[%clk 0:15:35]} 8. Nbd2 {[%clk 0:16:08]} a5 {[%clk 0:15:37]} 9. a4
{[%clk 0:16:16]} Na6 {[%clk 0:15:35]} 10. h3 {[%clk 0:16:20]} Bxf3
{[%clk 0:15:42]} 11. Nxf3 {[%clk 0:16:29]} d5 {[%clk 0:15:43]} 12. e5
{[%clk 0:16:35]} Ne8 {[%clk 0:15:52]} 13. c3 {[%clk 0:16:39]} Nec7
{[%clk 0:15:16]} 14. Ng5 {[%clk 0:16:42]} f6 {[%clk 0:15:14]} 15. Nf3
{[%clk 0:16:47]} Qd7 {[%clk 0:15:14]} 16. Re1 {[%clk 0:16:54]} c5
{[%clk 0:14:50]} 17. c4 {[%clk 0:15:54]} cxd4 {[%clk 0:14:30]} 18. cxd5
{[%clk 0:15:58]} Kh8 {[%clk 0:14:34]} 19. Nxd4 {[%clk 0:12:54]} Nxd5
{[%clk 0:14:20]} 20. exf6 {[%clk 0:11:12]} exf6 {[%clk 0:14:22]} 21. Qe6
{[%clk 0:10:39]} Rad8 {[%clk 0:14:00]} 22. Qxd7 {[%clk 0:10:46]} Rxd7
{[%clk 0:14:09]} 23. Ne6 {[%clk 0:10:50]} Re8 {[%clk 0:13:47]} 24. Bd2
{[%clk 0:10:57]} Ndb4 {[%clk 0:13:02]} 25. Rad1 {[%clk 0:09:35]} Rde7
{[%clk 0:11:10]} 26. Bc3 {[%clk 0:09:36]} h6 {[%clk 0:10:39]} 27. Nf4
{[%clk 0:08:59]} Rxe1+ {[%clk 0:10:39]} 28. Bxe1 {[%clk 0:09:06]} g5
{[%clk 0:10:19]} 29. Ne6 {[%clk 0:09:03]} Re7 {[%clk 0:09:39]} 30. Bc3
{[%clk 0:08:36]} Nc7 {[%clk 0:09:08]} 31. Nxc7 {[%clk 0:05:34]} Rxc7
{[%clk 0:09:12]} 32. Be6 {[%clk 0:05:31]} Nc6 {[%clk 0:08:56]} 33. g4
{[%clk 0:04:19]} Kh7 {[%clk 0:07:04]} 34. Bd7 {[%clk 0:04:16]} Kg8
{[%clk 0:05:56]} 35. Bxc6 {[%clk 0:03:26]} Rxc6 {[%clk 0:05:55]} 36. Rd8+
{[%clk 0:03:24]} Kh7 {[%clk 0:05:44]} 37. Bxa5 {[%clk 0:03:00]} f5
{[%clk 0:05:44]} 38. Rd7 {[%clk 0:03:06]} Kg8 {[%clk 0:05:43]} 39. Rxb7
{[%clk 0:03:13]} fxg4 {[%clk 0:05:52]} 40. hxg4 {[%clk 0:03:22]} Rc4
{[%clk 0:05:59]} 41. Rb4 {[%clk 0:03:26]} Rc2 {[%clk 0:05:37]} 42. b3
{[%clk 0:03:25]} Bf8 {[%clk 0:05:45]} 43. Rb8 {[%clk 0:03:18]} Kf7
{[%clk 0:05:54]} 44. Bb6 {[%clk 0:03:12]} Bd6 {[%clk 0:05:51]} 45. Rb7+
{[%clk 0:03:19]} Ke6 {[%clk 0:05:58]} 46. Be3 {[%clk 0:03:21]} Kd5
{[%clk 0:05:59]} 47. Kg2 {[%clk 0:03:27]} 1-0

[Event "Russian Championship (Rapid, Men)"]
[Site "Sochi"]
[Date "2018.10.05"]
[Round "2.22"]
[White "Sergeyev, Alexander"]
[Black "Rozum, Ivan"]
[Result "1/2-1/2"]
[BlackElo "2612"]
[WhiteElo "2363"]
[LiveChessVersion "1.4.8"]

1. e4 {[%clk 0:15:18]} c6 {[%clk 0:15:15]} 2. Nc3 {[%clk 0:15:25]} d5
{[%clk 0:15:23]} 3. Nf3 {[%clk 0:15:31]} Bg4 {[%clk 0:15:31]} 4. h3
{[%clk 0:15:37]} Bxf3 {[%clk 0:15:38]} 5. Qxf3 {[%clk 0:15:44]} e6
{[%clk 0:15:44]} 6. d3 {[%clk 0:15:25]} Nd7 {[%clk 0:15:44]} 7. Qg3
{[%clk 0:14:43]} g6 {[%clk 0:15:20]} 8. Be2 {[%clk 0:13:23]} Bg7 {[%clk 0:15:27]}
9. O-O {[%clk 0:13:27]} Ne7 {[%clk 0:14:40]} 10. Kh1 {[%clk 0:12:35]} O-O
{[%clk 0:14:08]} 11. f4 {[%clk 0:12:34]} b5 {[%clk 0:12:53]} 12. Bf3
{[%clk 0:11:10]} a5 {[%clk 0:12:51]} 13. Qf2 {[%clk 0:08:55]} Qb6
{[%clk 0:12:18]} 14. exd5 {[%clk 0:08:13]} exd5 {[%clk 0:11:55]} 15. Qxb6
{[%clk 0:07:46]} Nxb6 {[%clk 0:12:03]} 16. g4 {[%clk 0:07:17]} Rfe8
{[%clk 0:10:34]} 17. Kg2 {[%clk 0:06:18]} Nec8 {[%clk 0:10:33]} 18. Bd2
{[%clk 0:06:12]} b4 {[%clk 0:09:55]} 19. Nd1 {[%clk 0:06:16]} Nd6
{[%clk 0:10:00]} 20. a3 {[%clk 0:06:08]} bxa3 {[%clk 0:08:00]} 21. Rxa3
{[%clk 0:06:16]} a4 {[%clk 0:08:02]} 22. Nc3 {[%clk 0:05:19]} Nb5
{[%clk 0:03:26]} 23. Nxb5 {[%clk 0:05:23]} cxb5 {[%clk 0:03:36]} 24. Ra2
{[%clk 0:05:16]} Rac8 {[%clk 0:03:35]} 25. Rc1 {[%clk 0:02:50]} Bd4
{[%clk 0:03:44]} 26. c3 {[%clk 0:02:07]} Be3 {[%clk 0:03:46]} 27. Rd1
{[%clk 0:01:38]} d4 {[%clk 0:03:28]} 28. Bxe3 {[%clk 0:01:02]} Rxe3
{[%clk 0:03:37]} 29. Kf2 {[%clk 0:01:06]} Re7 {[%clk 0:03:43]} 30. Rb1
{[%clk 0:00:33]} Rd7 {[%clk 0:02:44]} 31. Be4 {[%clk 0:00:33]} Rc5
{[%clk 0:02:45]} 32. cxd4 {[%clk 0:00:26]} Rc2+ {[%clk 0:01:56]} 33. Ke3
{[%clk 0:00:34]} b4 {[%clk 0:02:04]} 34. Raa1 {[%clk 0:00:17]} Rh2
{[%clk 0:01:36]} 35. d5 {[%clk 0:00:20]} Nxd5+ {[%clk 0:00:52]} 36. Bxd5
{[%clk 0:00:23]} Rxd5 {[%clk 0:01:02]} 37. Rh1 {[%clk 0:00:15]} Rxb2
{[%clk 0:00:39]} 38. Rxa4 {[%clk 0:00:22]} Kg7 {[%clk 0:00:45]} 39. Ra7
{[%clk 0:00:23]} Rb3 {[%clk 0:00:37]} 40. Rd1 {[%clk 0:00:29]} Rd8
{[%clk 0:00:38]} 41. Rb7 {[%clk 0:00:36]} h6 {[%clk 0:00:44]} 42. Ke4
{[%clk 0:00:37]} Kf6 {[%clk 0:00:52]} 43. h4 {[%clk 0:00:37]} Ke6
{[%clk 0:00:56]} 44. f5+ {[%clk 0:00:12]} gxf5+ {[%clk 0:01:01]} 45. gxf5+
{[%clk 0:00:21]} Kf6 {[%clk 0:00:58]} 46. Rb6+ {[%clk 0:00:25]} Ke7
{[%clk 0:00:37]} 47. Rxh6 {[%clk 0:00:20]} Rb2 {[%clk 0:00:44]} 48. Rb6
{[%clk 0:00:22]} b3 {[%clk 0:00:51]} 49. f6+ {[%clk 0:00:29]} Kd7
{[%clk 0:00:58]} 50. Ra1 {[%clk 0:00:37]} Kc7 {[%clk 0:00:54]} 51. Rb4
{[%clk 0:00:38]} Kc6 {[%clk 0:00:21]} 52. d4 {[%clk 0:00:20]} Rh8
{[%clk 0:00:18]} 53. Ra6+ {[%clk 0:00:27]} Kc7 {[%clk 0:00:27]} 54. Ra7+
{[%clk 0:00:35]} Kc6 {[%clk 0:00:34]} 55. Ra6+ {[%clk 0:00:38]} Kc7
{[%clk 0:00:43]} 56. Ra7+ {[%clk 0:00:32]} Kc6 {[%clk 0:00:52]} 1/2-1/2

[Event "Russian Championship (Rapid, Men)"]
[Site "Sochi"]
[Date "2018.10.05"]
[Round "2.23"]
[White "Sarana, Alexey"]
[Black "Smirnov, Timofey"]
[Result "1-0"]
[BlackElo "2348"]
[WhiteElo "2612"]
[LiveChessVersion "1.4.8"]

1. Nf3 {[%clk 0:15:19]} d5 {[%clk 0:15:17]} 2. d4 {[%clk 0:15:28]} Nf6
{[%clk 0:15:25]} 3. c4 {[%clk 0:15:36]} c6 {[%clk 0:15:33]} 4. Nc3
{[%clk 0:15:45]} dxc4 {[%clk 0:15:41]} 5. a4 {[%clk 0:15:54]} e6 {[%clk 0:15:46]}
6. e3 {[%clk 0:16:02]} c5 {[%clk 0:15:51]} 7. Bxc4 {[%clk 0:16:10]} Nc6
{[%clk 0:15:59]} 8. O-O {[%clk 0:16:17]} cxd4 {[%clk 0:16:04]} 9. exd4
{[%clk 0:16:26]} Be7 {[%clk 0:16:07]} 10. Bg5 {[%clk 0:16:32]} O-O
{[%clk 0:16:08]} 11. Re1 {[%clk 0:16:32]} b6 {[%clk 0:15:20]} 12. Qd3
{[%clk 0:15:27]} Bb7 {[%clk 0:15:17]} 13. Rad1 {[%clk 0:15:34]} Rc8
{[%clk 0:14:51]} 14. Qe2 {[%clk 0:15:23]} Nb4 {[%clk 0:12:04]} 15. Ne5
{[%clk 0:14:56]} Nfd5 {[%clk 0:11:52]} 16. Bc1 {[%clk 0:13:15]} Bg5
{[%clk 0:10:51]} 17. Bxg5 {[%clk 0:09:46]} Qxg5 {[%clk 0:10:58]} 18. Ne4
{[%clk 0:09:49]} Qe7 {[%clk 0:09:48]} 19. Bb3 {[%clk 0:09:55]} Rc7
{[%clk 0:06:37]} 20. Qh5 {[%clk 0:09:32]} Nf4 {[%clk 0:04:20]} 21. Qg4
{[%clk 0:09:28]} Nfd5 {[%clk 0:04:20]} 22. Ng5 {[%clk 0:08:36]} h6
{[%clk 0:04:21]} 23. Nexf7 {[%clk 0:06:48]} Rxf7 {[%clk 0:02:46]} 24. Nxe6
{[%clk 0:06:01]} Rc8 {[%clk 0:00:23]} 25. Nc5 {[%clk 0:02:28]} Qg5
{[%clk 0:00:13]} 26. Qxg5 {[%clk 0:02:13]} hxg5 {[%clk 0:00:22]} 27. Nxb7
{[%clk 0:02:13]} Rxb7 {[%clk 0:00:31]} 28. Re5 {[%clk 0:02:22]} Rd7
{[%clk 0:00:18]} 29. Rxg5 {[%clk 0:02:28]} Rcd8 {[%clk 0:00:15]} 30. Re1
{[%clk 0:02:20]} Kf8 31. Rh5 {[%clk 0:01:33]} Re7 {[%clk 0:00:21]} 32. Ree5
{[%clk 0:01:11]} Rxe5 {[%clk 0:00:22]} 33. dxe5 {[%clk 0:01:19]} Ke7
{[%clk 0:00:13]} 34. Rg5 {[%clk 0:01:26]} Kf8 {[%clk 0:00:19]} 35. g3
{[%clk 0:01:25]} Nd3 {[%clk 0:00:27]} 36. Rh5 {[%clk 0:01:14]} Ke7
{[%clk 0:00:18]} 37. Rg5 {[%clk 0:01:23]} Kf8 {[%clk 0:00:17]} 38. h4
{[%clk 0:01:12]} Nc5 {[%clk 0:00:15]} 39. Bc2 {[%clk 0:01:15]} Nb4
{[%clk 0:00:20]} 40. Bg6 {[%clk 0:01:19]} Rd1+ {[%clk 0:00:24]} 41. Kg2
{[%clk 0:01:27]} Nbd3 {[%clk 0:00:22]} 42. Rf5+ {[%clk 0:01:21]} Ke7
{[%clk 0:00:31]} 43. Rf7+ Ke6 44. f4 {[%clk 0:01:32]} Rd2+ {[%clk 0:00:33]} 45.
Kf3 {[%clk 0:01:37]} Ne1+ {[%clk 0:00:13]} 46. Kg4 {[%clk 0:01:46]} Rxb2
{[%clk 0:00:13]} 47. Rxg7 {[%clk 0:01:52]} Kd5 {[%clk 0:00:16]} 48. h5
{[%clk 0:01:56]} Rh2 {[%clk 0:00:24]} 49. Rxa7 {[%clk 0:02:00]} Ned3
{[%clk 0:00:15]} 50. Bxd3 {[%clk 0:01:48]} Nxd3 {[%clk 0:00:24]} 51. Rd7+
{[%clk 0:01:56]} Ke4 {[%clk 0:00:33]} 52. e6 {[%clk 0:01:57]} Re2
{[%clk 0:00:31]} 53. Rxd3 {[%clk 0:01:44]} Kxd3 {[%clk 0:00:39]} 54. f5
{[%clk 0:01:52]} Re4+ {[%clk 0:00:34]} 55. Kg5 {[%clk 0:02:01]} Rxa4
{[%clk 0:00:43]} 56. e7 {[%clk 0:02:09]} Re4 {[%clk 0:00:43]} 57. f6 1-0

[Event "Russian Championship (Rapid, Men)"]
[Site "Sochi"]
[Date "2018.10.05"]
[Round "2.24"]
[White "Nazaretyan, Tigran"]
[Black "Iljiushenok, Ilia"]
[Result "1/2-1/2"]
[BlackElo "2611"]
[WhiteElo "2353"]
[LiveChessVersion "1.4.8"]

1. d4 {[%clk 0:15:18]} d6 {[%clk 0:15:19]} 2. Nf3 {[%clk 0:15:19]} g6
{[%clk 0:15:29]} 3. c4 {[%clk 0:15:23]} Bg7 {[%clk 0:15:38]} 4. Nc3
{[%clk 0:15:29]} Bg4 {[%clk 0:15:12]} 5. e3 {[%clk 0:15:17]} c5 {[%clk 0:14:59]}
6. Be2 {[%clk 0:15:10]} cxd4 {[%clk 0:14:02]} 7. exd4 {[%clk 0:14:55]} Nc6
{[%clk 0:14:11]} 8. d5 {[%clk 0:14:21]} Bxf3 {[%clk 0:11:45]} 9. Bxf3
{[%clk 0:14:26]} Nd4 {[%clk 0:10:55]} 10. Bg4 {[%clk 0:13:00]} h5
{[%clk 0:10:30]} 11. Bh3 {[%clk 0:12:06]} Nh6 {[%clk 0:10:37]} 12. Be3
{[%clk 0:11:33]} Nhf5 {[%clk 0:10:43]} 13. Qa4+ {[%clk 0:11:23]} Kf8
{[%clk 0:10:01]} 14. O-O {[%clk 0:11:04]} a6 {[%clk 0:09:36]} 15. Rac1
{[%clk 0:09:49]} Bf6 {[%clk 0:05:08]} 16. Qd1 {[%clk 0:08:31]} Bg7
{[%clk 0:01:24]} 17. Ne4 {[%clk 0:07:18]} Kg8 {[%clk 0:01:01]} 18. Kh1
{[%clk 0:06:25]} b6 {[%clk 0:01:07]} 19. Ng3 {[%clk 0:06:04]} h4 {[%clk 0:00:55]}
20. Ne4 {[%clk 0:05:50]} Rb8 {[%clk 0:00:46]} 21. b4 {[%clk 0:05:54]} Be5
{[%clk 0:00:48]} 22. Bxd4 {[%clk 0:03:46]} Nxd4 {[%clk 0:00:56]} 23. f4 Bg7 24.
f5 {[%clk 0:03:21]} gxf5 {[%clk 0:01:15]} 25. Bxf5 {[%clk 0:03:25]} Rh6
{[%clk 0:01:25]} 26. Bh3 {[%clk 0:03:26]} Qc7 {[%clk 0:01:23]} 27. c5
{[%clk 0:02:44]} bxc5 {[%clk 0:01:32]} 28. bxc5 {[%clk 0:02:52]} dxc5
{[%clk 0:01:39]} 29. Rxc5 {[%clk 0:02:22]} Qb6 {[%clk 0:01:48]} 30. Qc1
{[%clk 0:02:12]} Rd8 {[%clk 0:01:44]} 31. Rc8 {[%clk 0:02:00]} Rg6
{[%clk 0:01:23]} 32. Qc5 {[%clk 0:01:31]} Rxc8 {[%clk 0:01:22]} 33. Qxc8+
{[%clk 0:01:38]} Kh7 {[%clk 0:01:32]} 34. Qe8 {[%clk 0:00:41]} f5
{[%clk 0:01:23]} 35. Nd2 {[%clk 0:00:30]} Qb2 {[%clk 0:01:12]} 36. Nb3
{[%clk 0:00:22]} Qe2 {[%clk 0:01:10]} 37. Rg1 {[%clk 0:00:23]} Qf2
{[%clk 0:00:59]} 38. Nxd4 {[%clk 0:00:23]} Bxd4 {[%clk 0:01:08]} 39. Qf7+
{[%clk 0:00:29]} Kh6 {[%clk 0:01:15]} 40. Qf8+ {[%clk 0:00:32]} Kh7
{[%clk 0:00:34]} 41. Qf7+ {[%clk 0:00:24]} Kh6 {[%clk 0:00:43]} 42. Qf8+
{[%clk 0:00:31]} Kh7 {[%clk 0:00:47]} 43. Rb1 {[%clk 0:00:34]} Bf6
{[%clk 0:00:49]} 44. Qf7+ {[%clk 0:00:34]} Kh6 {[%clk 0:00:58]} 45. Qf8+
{[%clk 0:00:40]} Kh7 {[%clk 0:01:04]} 46. Qf7+ {[%clk 0:00:46]} Kh6
{[%clk 0:01:14]} 47. Qf8+ {[%clk 0:00:53]} Kh7 {[%clk 0:01:08]} 48. Qf7+
{[%clk 0:00:55]} Kh6 {[%clk 0:01:12]} 49. Qf8+ {[%clk 0:00:54]} Kh7 50. d6 exd6
51. Rb7+ Rg7 52. Bxf5+ 1/2-1/2

[Event "Russian Championship (Rapid, Men)"]
[Site "Sochi"]
[Date "2018.10.05"]
[Round "2.28"]
[White "Sadovsky, Artem"]
[Black "Moiseenko, Vadim"]
[Result "1/2-1/2"]
[BlackElo "2577"]
[WhiteElo "2333"]
[LiveChessVersion "1.4.8"]

1. c4 {[%clk 0:15:17]} b6 {[%clk 0:15:16]} 2. Nc3 {[%clk 0:15:22]} Bb7
{[%clk 0:15:25]} 3. d4 {[%clk 0:15:10]} e6 {[%clk 0:15:34]} 4. Nf3
{[%clk 0:15:10]} Nf6 {[%clk 0:15:35]} 5. Bg5 {[%clk 0:14:31]} h6 {[%clk 0:15:18]}
6. Bh4 {[%clk 0:14:25]} Be7 {[%clk 0:15:26]} 7. Qc2 {[%clk 0:14:19]} d5
{[%clk 0:14:19]} 8. e3 {[%clk 0:14:22]} O-O {[%clk 0:14:21]} 9. Bd3
{[%clk 0:13:21]} c5 {[%clk 0:13:25]} 10. dxc5 {[%clk 0:10:35]} Nc6
{[%clk 0:11:59]} 11. cxb6 {[%clk 0:07:58]} Nb4 {[%clk 0:11:59]} 12. Qb1
{[%clk 0:06:11]} Nxd3+ {[%clk 0:10:15]} 13. Qxd3 {[%clk 0:06:19]} Ba6
{[%clk 0:10:24]} 14. Qd4 {[%clk 0:04:51]} Bxc4 {[%clk 0:09:26]} 15. bxa7
{[%clk 0:04:11]} Qa5 {[%clk 0:09:14]} 16. Ne5 {[%clk 0:04:07]} Rfc8
{[%clk 0:09:19]} 17. a3 {[%clk 0:02:43]} Rxa7 {[%clk 0:09:00]} 18. Bxf6
{[%clk 0:01:23]} Bxf6 {[%clk 0:08:55]} 19. b4 {[%clk 0:01:04]} Qa6
{[%clk 0:06:18]} 20. f4 {[%clk 0:01:09]} Rac7 {[%clk 0:06:27]} 21. Kf2
{[%clk 0:00:26]} Bb3 {[%clk 0:04:42]} 22. Rhc1 {[%clk 0:00:34]} Rc4
{[%clk 0:04:50]} 23. Qd2 {[%clk 0:00:38]} Bxe5 {[%clk 0:04:58]} 24. fxe5
{[%clk 0:00:47]} Qb6 {[%clk 0:05:00]} 25. Ne2 {[%clk 0:00:37]} Bc2
{[%clk 0:03:50]} 26. Nd4 {[%clk 0:00:40]} Be4 {[%clk 0:03:58]} 27. Rxc4
{[%clk 0:00:36]} dxc4 {[%clk 0:04:07]} 28. Qc3 {[%clk 0:00:39]} Qb7
{[%clk 0:03:36]} 29. a4 {[%clk 0:00:21]} Bxg2 {[%clk 0:03:32]} 30. Rg1
{[%clk 0:00:30]} Be4 {[%clk 0:03:33]} 31. a5 {[%clk 0:00:18]} Bd3
{[%clk 0:02:21]} 32. b5 {[%clk 0:00:12]} Rc5 {[%clk 0:02:12]} 33. a6
{[%clk 0:00:19]} Qa8 {[%clk 0:02:18]} 34. Qa3 {[%clk 0:00:15]} Rxe5
{[%clk 0:02:25]} 35. b6 {[%clk 0:00:23]} Qe4 {[%clk 0:02:33]} 36. Rg3
{[%clk 0:00:23]} Qh4 {[%clk 0:01:53]} 37. a7 {[%clk 0:00:17]} Qxh2+
{[%clk 0:02:01]} 38. Rg2 {[%clk 0:00:24]} Qh4+ {[%clk 0:02:10]} 39. Rg3
{[%clk 0:00:25]} Qh2+ {[%clk 0:01:35]} 40. Rg2 {[%clk 0:00:29]} Qh4+
{[%clk 0:01:43]} 41. Rg3 {[%clk 0:00:15]} Qh2+ {[%clk 0:01:48]} 42. Rg2 Qh5
1/2-1/2